000 01132naa a22002657a 4500
001 BR8403072
003 BR-BrBNA
005 20240918175431.0
007 ta
008 230509b bl.||||| |||| 00| 0 por d
040 _aBR-BrBNA
_bpor
_cBiblioteca Nacional de Agricultura
041 _a(Pt)
072 _aH00; H60
_b3877
_b3876
090 _aH00 BR8403072
100 1 _aVassilieff, I.
245 1 _aIntoxicacao por inseticidas e herbicidas [humano, animal]
260 3 _aBotucatu, SP (Brasil):
_c1984.
500 _aCrocomo, W.B. (ed.) Manejo de pragas. Curso de extensao universitaria Botucatu, SP (Brasil): 1984. p. 147-156 (BR8403072-AM)H00
650 _aINSETICIDA
650 _aHERBICIDA
650 _aINTOXICACAO
773 0 _tManejo de pragas. Curso de extensao universitaria
_aCrocomo, W.B. (ed.). Fundacao de Estudos e Pesquisas Agricolas e Florestais, Botucatu, SP (Brasil);Universidade Estadual Paulista Julio de Mesquita Filho, Botucatu, SP (Brasil). Faculdade de Ciencias Agronomicas
_wH00 BR8403072
_gBotucatu, SP (Brasil), 1984. p. 147-156
909 _a202404
_bLucia
_c55
_dLucia Elande
942 _cAM
_2AGRIS
999 _c316696
_d316696